000
00235 a2200097 4500
001
19817
100
_a
Leach E R
245
_a
Cambridge papers in social anthrology
260
_a
_b
Cambridge University Press
_c
090
_c
14441
_d
14441
942
_a
NUST-CAE
_c
M
_c
4938
999
_c
254890
_d
254890